000
00281 a2200109 4500
020
_a
0045511020
082
_a
551.436 ABR
100
_a
Abrahams, A. D.
245
_a
Hillslope Processes
_c
A. D. Abrahams
260
_a
Boston :
_b
Allen and Unwin
_c
1986
300
_a
xiv, 416p. :
_b
ill . ;
_c
23 cm
650
_a
Slopes
999
_c
656
_d
656